000 00419nam a2200181Ia 4500
001 994
005 20260306140559.0
008 260306t2004||||xx |||||||||||||| ||spa||
041 _aESP
082 _a177
_bS93
100 _aSung, Jung Mo
_eAUT
245 0 _aConversando sobre ética e sociedade
260 _c2004
300 _a117 páginas :
_c21 cm.
650 _aGEN
654 _aCHU
942 _cLIB
_dJUS
_fJUS
_2ddc
_n
999 _c994
_d994